जीवित देवी कुमारीः (Record no. 40363)
[ view plain ]
| 000 -LEADER | |
|---|---|
| fixed length control field | 008890000a22002770004500 |
| 008 - FIXED-LENGTH DATA ELEMENTS--GENERAL INFORMATION | |
| fixed length control field | 240503b |||||||| |||| 00| 0 eng d |
| 015 ## - NATIONAL BIBLIOGRAPHY NUMBER | |
| -- | NNB |
| 020 ## - INTERNATIONAL STANDARD BOOK NUMBER | |
| International Standard Book Number | 99946-31-47-0 |
| 041 ## - LANGUAGE CODE | |
| Language code of text/sound track or separate title | Nep |
| 082 ## - DEWEY DECIMAL CLASSIFICATION NUMBER | |
| Classification number | N294.5514 |
| Item number | Sr343j |
| 100 ## - MAIN ENTRY--PERSONAL NAME | |
| Personal name | Shrestha, Srijana |
| 9 (RLIN) | 28365 |
| 241 ## - ROMANIZED TITLE (BK AM CF MP MU VM) | |
| Romanized title | Jivit Devi Kumari katha ra vastavikata |
| 245 ## - TITLE STATEMENT | |
| Title | जीवित देवी कुमारीः |
| Remainder of title | कथा र वास्तविकता (कुमारीप्रथाः इतिहासदेखि वर्तमानसम्म) / |
| Statement of responsibility, etc. | सृजना श्रेष्ठ. |
| 260 ## - PUBLICATION, DISTRIBUTION, ETC. | |
| Place of publication, distribution, etc. | Kathmandu, Nepal |
| 260 ## - PUBLICATION, DISTRIBUTION, ETC. | |
| Date of publication, distribution, etc. | 2061 B.S. |
| 300 ## - PHYSICAL DESCRIPTION | |
| Extent | 85p. |
| 500 ## - GENERAL NOTE | |
| General note | Bibliography at the end |
| 650 ## - SUBJECT ADDED ENTRY--TOPICAL TERM | |
| Topical term or geographic name entry element | Gods & Goddesses |
| 650 ## - SUBJECT ADDED ENTRY--TOPICAL TERM | |
| Topical term or geographic name entry element | History |
| 650 ## - SUBJECT ADDED ENTRY--TOPICAL TERM | |
| Topical term or geographic name entry element | Culture |
| 650 ## - SUBJECT ADDED ENTRY--TOPICAL TERM | |
| Topical term or geographic name entry element | Worship |
| 650 ## - SUBJECT ADDED ENTRY--TOPICAL TERM | |
| Topical term or geographic name entry element | Kumari |
| 651 ## - SUBJECT ADDED ENTRY--GEOGRAPHIC NAME | |
| Geographic name | Nepal |
| 651 ## - SUBJECT ADDED ENTRY--GEOGRAPHIC NAME | |
| Geographic name | Kathmandu |
| 942 ## - ADDED ENTRY ELEMENTS (KOHA) | |
| Koha item type | General Collections |
| Source of classification or shelving scheme | Dewey Decimal Classification |
| Withdrawn status | Lost status | Source of classification or shelving scheme | Damaged status | Not for loan | Home library | Current library | Date acquired | Total Checkouts | Full call number | Barcode | Date last seen | Price effective from | Koha item type |
|---|---|---|---|---|---|---|---|---|---|---|---|---|---|
| Dewey Decimal Classification | Tribhuvan University Central Library | Tribhuvan University Central Library | 06/20/2010 | N294.5514 Sr343j N | 127335 | 06/20/2010 | 06/20/2010 | Closed Section | |||||
| Tribhuvan University Central Library | Tribhuvan University Central Library | 06/20/2010 | 127336 | 06/20/2010 | 06/20/2010 |
